000 01027nam a2200301 i 4500
003 EG-GICUC
005 20260121101635.0
008 260101s1964 ua ||||fr|||| 000 0 ara d
040 _a EG-GICUC
_bara
_c EG-GICUC
_d EG-GICUC
_erda
041 0 _aara
082 0 4 _221
_a343.6
_bأ ح . ع
092 0 4 _221
099 _aLaw1 10 343.6 أ ح . ع 1964
100 0 _a أحمد فتحي سرور.
_eمؤلف.
245 1 0 _aعلم الإجرام /
_cتأليف الدكتور أحمد فتحي سرور.
264 1 _a[غير محدد] :
_b[غير محدد],
_c1964.
300 _a145 صفحة ؛
_c26 سم.
336 _2rda content
_atext
337 _2rda media
_aComputer
338 _2rda carrier
_aOnline Resource
504 _aيشتمل على إرجاعات ببليوجرافية.
546 _aالنص باللغة العربية
650 1 _aعلم الإجرام
_2qrmak
651 1 _2qrmak
856 4 0 _uhttps://fll.law.cu.edu.eg/fulltext/bks/B10-07445.pdf
905 _a62
942 _2ddc
_cBK
_e21
_n0
999 _c53871
_d53871